| 000 | 00933cab a2200265 4500 | ||
|---|---|---|---|
| 001 | ABS54832 | ||
| 008 | 090401t1996 xxu||||| |||| 00| 0 eng d | ||
| 035 | _a(Sirsi) u12440 | ||
| 041 | _aeng | ||
| 100 | _aAnderson, R. | ||
| 245 | _aDealing with non-UK resident landlords? | ||
| 260 | _c1996 | ||
| 350 | _a0 | ||
| 490 |
_aEstates Gazette _v(9613) 30 March 1996, 121(1) |
||
| 520 | _aOutlines the responsibilities of prescribed persons involved in the collection and recovery of tax on income from land owned by non-UK residents under the Taxation of Income from Land (Non-Residents) Regulations 1995 effective from 6 April 1996. | ||
| 650 | _aANNUAL RETURNS | ||
| 650 | _aINCOME TAX | ||
| 650 | _aMANAGING AGENTS | ||
| 650 | _aNON-RESIDENT LANDLORDS | ||
| 650 | _aOVERSEAS LANDLORDS | ||
| 650 | _aTAXATION OF INCOME FROM LAND (NON-RESIDENTS) REGULATIONS | ||
| 690 | _aTAXATION | ||
| 942 | _n0 | ||
| 948 | _c04/03/1997 | ||
| 999 |
_c7948 _d7948 |
||